|
|
|
|
| LEADER |
00000nab a2200000 a 4500 |
| 001 |
vtls000825029 |
| 003 |
SK-MaSNL |
| 005 |
20260426081629.0 |
| 008 |
250429c2002 xo 0 slo |
| 015 |
|
|
|a SNBRB2003/02-05236
|
| 035 |
|
|
|a CLN000176684
|
| 035 |
|
|
|a urn:nbn:sk:snk-ab6si7
|
| 035 |
|
|
|a (uuid)ef4a4f22-1ef1-4b39-8bf0-0cf05102bd34
|
| 035 |
|
|
|a (urnnbn)urn:nbn:sk:snk:ar-a05nd7
|
| 035 |
|
|
|a (sysno)vtls000825029
|
| 040 |
|
|
|a SNKBUCL
|b slo
|c SNKBUCL
|e AACR2
|
| 041 |
0 |
|
|a slo
|b eng
|b slo
|
| 044 |
|
|
|a xo
|c SK
|
| 080 |
|
|
|a 616.24-002.5(437.6)
|2 1997
|
| 100 |
1 |
|
|a Rajecová, E.
|4 aut
|9 1156636
|
| 245 |
1 |
0 |
|a Epidemiologická situácia v tuberkulóze v roku 2001 v Slovenskej republike
|c E. Rajecová, P. Krištúfek, J. Trenkler
|
| 246 |
1 |
1 |
|a Epidemiologic situation in tuberculosis for the year 2001 in Slovak Republic
|
| 300 |
|
|
|b Obr., tab.
|
| 504 |
|
|
|a Res. angl., slov.
|
| 650 |
0 |
7 |
|a tuberkulóza
|2 SNKPH
|9 2610
|
| 650 |
0 |
7 |
|a incidencia
|2 SNKPH
|9 840847
|
| 650 |
0 |
7 |
|a prevalencia
|2 SNKPH
|9 840846
|
| 651 |
|
7 |
|a Slovensko
|2 SNKPHgeo
|9 14231
|
| 655 |
|
7 |
|a články z novín a časopisov
|2 snkbucl
|9 267496
|
| 700 |
1 |
|
|a Krištúfek, Peter,
|d 1945-2022
|4 aut
|9 115136
|
| 700 |
1 |
|
|a Trenkler, J.
|4 aut
|9 815193
|
| 773 |
0 |
|
|t Respiro
|g Roč. 4, č. 2 (2002), s. 22-23
|x 1335-3985
|
| 850 |
|
|
|a Slovenská národná knižnica
|
| 852 |
|
|
|a Slovenská národná knižnica
|
| 958 |
|
|
|a article27
|
| 958 |
|
|
|a OND
|
| 958 |
|
|
|a MI
|
| 958 |
|
|
|a SK
|
| 958 |
|
|
|a EUIPO
|
| 999 |
|
|
|c 2847570
|d 2849500
|